Prime Ministers of Greece - Statistics

General Stats
  • This quiz has been taken 166 times
  • The average score is 10 of 14
Answer Stats
Term Party Prime Minister % Correct
1990-1993 New Democracy Konstantinos Mitsotakis
90%
2019— New Democracy Kyriakos Mitsotakis
90%
2015-2019 SYRIZA Alexis Tsipras
89%
1981-1989 PASOK Andreas Papandreou
87%
1993-1996 PASOK Andreas Papandreou
87%
2009-2011 PASOK George Papandreou
87%
1974-1980 ERE/New Democracy Konstantinos Karamanlis
78%
2004-2009 New Democracy Kostas Karamanlis
78%
2012-2015 New Democracy Antonis Samaras
75%
1996-2004 PASOK Konstantinos Simitis
66%
1980-1981 New Democracy Georgios Rallis
42%
1989-1990 Independent Xenophon Zolotas
31%
2011-2012 Independent Lucas Papademos
29%
1989 New Democracy Tzannis Tzannetakis
28%
No matching quizzes found
Score Distribution
Percent of People with Each Score
Percentile by Number Answered
Your Score History
You have not taken this quiz